| 000 | 00835nam a2200253Ia 4500 | ||
|---|---|---|---|
| 003 | GCL | ||
| 008 | 140319s9999 xx 000 0 ara d | ||
| 040 |
_aGCL / _cGCL |
||
| 082 | 0 | 4 |
_a160 _bم م |
| 100 | 1 | _aرفيق العجم | |
| 245 | 1 | 0 |
_aكتاب محك النظر / _cرفيق العجم |
| 700 | 1 | _aالغزالى : حجة الاسلام ابو حامد محمد بن محمد بن محمد بن احمد الطوسى | |
| 250 | _aالاولى | ||
| 260 |
_aبيروت : _bدار الفكر اللبنانى ، _c1994 |
||
| 300 |
_a176 ص ؛ _c24 سم |
||
| 490 |
_aسلسلة علم المنطق _v0 |
||
| 650 | 0 | 4 | _aالقياس المنطقى |
| 650 | 0 | 4 | _aالغزالى |
| 650 | 0 | 4 | _aالمنطق |
| 650 | 0 | 4 | _aالاستدلال |
| 650 | 0 | 4 | _aابو حامد |
| 650 | 0 | 4 | _aمحك النظر |
| 942 |
_2ddc _cBK |
||
| 999 |
_c5007 _d5007 |
||